Syndróm kubitálneho kanála v našom materiáli

Bibliographic Details
Main Authors: Leško, J. (Author), Šulla, Igor, 1945- (Author), Lukáč, Imrich, 1951- (Author), Gramata, V. (Author), Gajdoš, Miroslav, 1959- (Author)
Format: Article
Language:Slovak
PhysicalDescription:Grafy
ISSN:1335-2954
Subjects:

MARC

LEADER 00000nab a2200000 a 4500
001 vtls000801486
003 SK-MaSNL
005 20260304104416.0
008 250429c2001 xo 0 slo
015 |a SNBRB2002/08-24666 
035 |a CLN000153141 
035 |a urn:nbn:sk:snk-abo69 
035 |a (urnnbn)urn:nbn:sk:snk:ar-a06akp 
035 |a (uuid)a830122a-3e2c-4369-b0c6-3106dc8d1264 
040 |a SNKBUCL  |b slo  |c SNKBUCL  |e AACR2 
041 0 |a slo 
044 |a xo  |c SK 
080 |a 617.573-089  |2 1997 
245 0 0 |a Syndróm kubitálneho kanála v našom materiáli  |c J. Leško ... [et al.] 
246 1 1 |a Syndroma of cubital canal in our material 
300 |b Grafy 
504 |a Res. angl., slov. 
504 |a Bibliogr. odkazy 
650 0 7 |a horné končatiny  |2 snkbucl  |9 114419 
650 0 7 |a syndróm kubitálneho kanála  |2 snkbucl  |9 1404393 
650 0 7 |a nervus ulnaris  |2 snkbucl  |9 1404394 
650 0 7 |a elektromyografia  |2 snkbucl  |9 771394 
655 7 |a články z novín a časopisov  |2 snkbucl  |9 267496 
700 1 |a Leško, J.  |4 aut  |9 939927 
700 1 |a Šulla, Igor,  |d 1945-  |4 aut  |9 237082 
700 1 |a Lukáč, Imrich,  |d 1951-  |4 aut  |9 188781 
700 1 |a Gramata, V.  |4 aut  |9 1404395 
700 1 |a Gajdoš, Miroslav,  |d 1959-  |4 aut  |9 225871 
773 0 |t Slovenský chirurg  |g Roč. 5, č. 2 (2001), s. 24-27  |x 1335-2954 
850 |a Slovenská národná knižnica 
852 |a Slovenská národná knižnica 
954 |a odborná, vedecká literatúra pôvodná (slovenská)  |2 lita 
958 |a article27 
958 |a MI 
958 |a NB 
958 |a OND 
958 |a EUIPO 
999 |c 2851612  |d 2853542